000 00384nam a22001697a 4500
005 20231031134320.0
008 160613b xxu||||| |||| 00| 0 eng d
020 _a978-81-291-1600-0
041 _aeng
082 _b7044
100 _aKhera, Shiv
_91706
245 _aYou Can SELL
260 _aNew Delhi
_bRupa & Co.
_c2010
300 _a300
650 _aManagement
942 _cBK
999 _c2457
_d2456